| 000 | 00620nam a2200205 i 4500 | ||
|---|---|---|---|
| 001 | 36575 | ||
| 003 | ES-MaACL | ||
| 005 | 20250729015731.0 | ||
| 007 | t| | ||
| 008 | 030218s1931 xxk ||||1| eng d | ||
| 100 | 1 |
_aBrown, James Duff. _932000 |
|
| 245 | 1 | 0 |
_aManuel of library economy / _cby James Duff Brown. |
| 250 | _aFourth Edition edited... by W.C. Berwick Sayers. | ||
| 260 |
_aLondon : _bGrafton & Co., _c1931. |
||
| 300 |
_aXXIII, 533 p. : _bil. ; _c22 cm. |
||
| 650 | 0 | 7 |
_aBiblioteconomía _2embne _910554 |
| 700 | 1 |
_aBerwick Sayers, W. C. _928550 |
|
| 852 |
_aES-MaACL _jA-1773 |
||
| 999 |
_c36575 _d36575 |
||